| 000 | 00619nac a22002051u 4500 | ||
|---|---|---|---|
| 020 | _a8185749922 | ||
| 082 |
_a620.11 _bRAJ |
||
| 090 |
_c7928 _d7928 |
||
| 100 | _aRajput, R. K. | ||
| 245 |
_aMaterial science and engineering/ _cR. K. Rajput |
||
| 250 | _a3rd ed. | ||
| 260 |
_aNew Delhi: _bS. K. Kataria & Sons,2004 _c2004 |
||
| 300 |
_a1002p.: _bill.; _c23 cm. |
||
| 500 | _aIncludes index | ||
| 500 | _adistributer: Al-Ahram | ||
| 511 | _acatalogued by: wessam | ||
| 650 |
_aMaterials _x Handbooks, manuals |
||
| 650 | _aMaterials science | ||
| 942 |
_cBB _k620.11RAJ |
||
| 999 |
_c7928 _d7928 |
||